Every Pokémon by Picture #1 - Statistics

General Stats
  • This quiz has been taken 14 times
    8 since last reset
  • The average score is 143 of 494
Answer Stats
Picture Answer % Correct
Abra
83%
Arbok
83%
Arceus
83%
Articuno
83%
Articuno (Galarian)
83%
Beedrill
83%
Beedrill (Mega)
83%
Bidoof
83%
Blastoise
83%
Blastoise (Gigantamax)
83%
Blastoise (Mega)
83%
Blaziken
83%
Blaziken (Mega)
83%
Absol
67%
Absol (Mega)
67%
Aerodactyl
67%
Aerodactyl (Mega)
67%
Aipom
67%
Alakazam
67%
Alakazam (Mega)
67%
Ampharos
67%
Ampharos (Mega)
67%
Applin
67%
Arcanine
67%
Arcanine (Hisuian)
67%
Azumarill
67%
Bayleef
67%
Bellsprout
67%
Bulbasaur
67%
Butterfree
67%
Butterfree (Gigantamax)
67%
Caterpie
67%
Celebi
67%
Charizard
67%
Charizard (Gigantamax)
67%
Charizard (Mega X)
67%
Charizard (Mega Y)
67%
Charmander
67%
Charmeleon
67%
Cleffa
67%
Hypno
67%
Amoonguss
50%
Appletun
50%
Appletun/Flapple (Gigantamax)
50%
Archen
50%
Archeops
50%
Ariados
50%
Aron
50%
Axew
50%
Azelf
50%
Azurill
50%
Bagon
50%
Baltoy
50%
Beldum
50%
Blissey
50%
Chansey
50%
Chatot
50%
Chespin
50%
Chikorita
50%
Chimchar
50%
Cinderace
50%
Cinderace (Gigantamax)
50%
Clefable
50%
Clefairy
50%
Cloyster
50%
Combusken
50%
Crobat
50%
Croconaw
50%
Cubone
50%
Delibird
50%
Dewgong
50%
Diglett
50%
Diglett (Alolan)
50%
Ditto
50%
Dodrio
50%
Doduo
50%
Donphan
50%
Dragonair
50%
Dragonite
50%
Dratini
50%
Drowzee
50%
Dugtrio
50%
Dugtrio (Alolan)
50%
Eevee
50%
Eevee (Gigantamax)
50%
Ekans
50%
Electabuzz
50%
Electrode
50%
Electrode (Hisuian)
50%
Entei
50%
Espeon
50%
Exeggcute
50%
Exeggutor
50%
Exeggutor (Alolan)
50%
Farfetch’d
50%
Farfetch’d (Galarian)
50%
Fearow
50%
Feraligatr
50%
Flaaffy
50%
Flareon
50%
Froakie
50%
Furret
50%
Gastly
50%
Gengar
50%
Gengar (Gigantamax)
50%
Gengar (Mega)
50%
Geodude
50%
Geodude (Alolan)
50%
Girafarig
50%
Gloom
50%
Golbat
50%
Goldeen
50%
Golduck
50%
Golem
50%
Golem (Alolan)
50%
Granbull
50%
Graveler
50%
Graveler (Alolan)
50%
Greninja
50%
Greninja (Ash’s)
50%
Grimer
50%
Grimer (Alolan)
50%
Grovyle
50%
Growlithe
50%
Growlithe (Hisuian)
50%
Gyarados
50%
Gyarados (Mega)
50%
Haunter
50%
Heracross
50%
Heracross (Mega)
50%
Hitmonchan
50%
Hitmonlee
50%
Ho-Oh
50%
Hoothoot
50%
Horsea
50%
Houndoom
50%
Houndoom (Mega)
50%
Abomasnow
33%
Abomasnow (Mega)
33%
Accelgor
33%
Aggron
33%
Aggron (Mega)
33%
Alcremie
33%
Alcremie (Gigantamax)
33%
Alomomola
33%
Altaria
33%
Altaria (Mega)
33%
Ambipom
33%
Anorith
33%
Armaldo
33%
Audino
33%
Audino (Mega)
33%
Aurorus
33%
Avalugg
33%
Avalugg (Hisuian)
33%
Banette
33%
Banette (Mega)
33%
Barbaracle
33%
Barboach
33%
Basculin
33%
Bastiodon
33%
Baxcalibur
33%
Beartic
33%
Beautifly
33%
Beheeyem
33%
Bergmite
33%
Bewear
33%
Bibarel
33%
Binacle
33%
Bisharp
33%
Blacephalon
33%
Blitzle
33%
Boldore
33%
Bonsly
33%
Braviary
33%
Braviary (Hisuian)
33%
Buizel
33%
Camerupt
33%
Camerupt (Mega)
33%
Carbink
33%
Cascoon
33%
Castform
33%
Cherrim (Overcast)
33%
Cherrim (Sunshine)
33%
Chesnaught
33%
Chinchou
33%
Clodsire
33%
Cobalion
33%
Combee
33%
Conkeldurr
33%
Corsola
33%
Corsola (Galarian)
33%
Cosmoem
33%
Cosmog
33%
Cutiefly
33%
Cyndaquil
33%
Darumaka
33%
Darumaka (Galarian)
33%
Decidueye
33%
Decidueye (Hisuian)
33%
Dedenne
33%
Deerling (Autumn)
33%
Deerling (Spring)
33%
Deerling (Summer)
33%
Deerling (Winter)
33%
Delcatty
33%
Delphox
33%
Dewott
33%
Dialga
33%
Dialga (Origin)
33%
Dondozo
33%
Druddigon
33%
Elekid
33%
Emboar
33%
Empoleon
33%
Eternatus
33%
Eternatus (Eternamax)
33%
Exploud
33%
Fennekin
33%
Ferrothorn
33%
Finneon
33%
Flabébé
33%
Flapple
33%
Floatzel
33%
Forretress
33%
Frogadier
33%
Fuecoco
33%
Gabite
33%
Gallade
33%
Gallade (Mega)
33%
Galvantula
33%
Garchomp
33%
Garchomp (Mega)
33%
Gardevoir
33%
Gardevoir (Mega)
33%
Giratina (Altered)
33%
Giratina (Origin)
33%
Glaceon
33%
Glameow
33%
Gligar
33%
Gogoat
33%
Grookey
33%
Grotle
33%
Groudon
33%
Groudon (Primal)
33%
Hariyama
33%
Heatran
33%
Hippowdon (Female)
33%
Hippowdon (Male)
33%
Hitmontop
33%
Honchkrow
33%
Hoppip
33%
Houndour
33%
Hydreigon
33%
Aegislash (Blade Form)
17%
Aegislash (Shield Form)
17%
Amaura
17%
Annihilape
17%
Araquanid
17%
Arboliva
17%
Archaludon
17%
Arctibax
17%
Arctovish
17%
Arctozolt
17%
Armarouge
17%
Aromatisse
17%
Arrokuda
17%
Barraskewda
17%
Basculegion
17%
Bellibolt
17%
Blipbug
17%
Boltund
17%
Bouffalant
17%
Bounsweet
17%
Breloom
17%
Bronzong
17%
Bronzor
17%
Bruxish
17%
Budew
17%
Buneary
17%
Burmy
17%
Buzzwole
17%
Cacnea
17%
Cacturne
17%
Calyrex
17%
Calyrex (Ice Rider)
17%
Calyrex (Shadow Rider)
17%
Carnivine
17%
Carvanha
17%
Celesteela
17%
Ceruledge
17%
Cetoddle
17%
Chandelure
17%
Charcadet
17%
Charjabug
17%
Cherubi
17%
Chien-Pao
17%
Chimecho
17%
Chingling
17%
Chi-Yu
17%
Cinccino
17%
Clamperl
17%
Clauncher
17%
Claydol
17%
Coalossal
17%
Coalossal (Gigantamax)
17%
Cofagrigus
17%
Corphish
17%
Corviknight
17%
Corviknight (Gigantamax)
17%
Cottonee
17%
Crabrawler
17%
Cradily
17%
Cranidos
17%
Crawdaunt
17%
Cresselia
17%
Croagunk
17%
Crocalor
17%
Crustle
17%
Cryogonal
17%
Cubchoo
17%
Cursola
17%
Darkrai
17%
Darmanitan
17%
Darmanitan (Galarian)
17%
Deino
17%
Deoxys
17%
Deoxys (Attack Form)
17%
Deoxys (Defense Form)
17%
Deoxys (Speed Form)
17%
Dewpider
17%
Diancie
17%
Diancie (Mega)
17%
Diggersby
17%
Dipplin
17%
Dragapult
17%
Drapion
17%
Drifblim
17%
Drifloon
17%
Drilbur
17%
Dubwool
17%
Ducklett
17%
Dudunsparce
17%
Dunsparce
17%
Durant
17%
Dusclops
17%
Dusknoir
17%
Duskull
17%
Dustox
17%
Dwebble
17%
Eelektrik
17%
Eelektross
17%
Electivire
17%
Electrike
17%
Elgyem
17%
Emolga
17%
Enamorus
17%
Enamorus (Therian)
17%
Espurr
17%
Excadrill
17%
Falinks
17%
Farigiraf
17%
Feebas
17%
Ferroseed
17%
Fidough
17%
Flamigo
17%
Floette
17%
Floragato
17%
Flygon
17%
Foongus
17%
Frigibax
17%
Frillish
17%
Froslass
17%
Furfrou
17%
Garbodor
17%
Garbodor (Gigantamax)
17%
Gastrodon (East Sea)
17%
Gastrodon (West Sea)
17%
Genesect
17%
Gible
17%
Gigalith
17%
Gimmighoul (Chest)
17%
Gimmighoul (Roaming)
17%
Glalie
17%
Glalie (Mega)
17%
Golett
17%
Golurk
17%
Goodra
17%
Goodra (Hisuian)
17%
Gorebyss
17%
Gothita
17%
Gothorita
17%
Gouging Fire
17%
Great Tusk
17%
Greedent
17%
Grumpig
17%
Gulpin
17%
Gurdurr
17%
Happiny
17%
Hatenna
17%
Hatterene
17%
Hatterene (Gigantamax)
17%
Hawlucha
17%
Haxorus
17%
Heatmor
17%
Heliolisk
17%
Helioptile
17%
Hippopotas (Female)
17%
Hippopotas (Male)
17%
Honedge
17%
Hoopa (Confined)
17%
Hoopa (Unbound)
17%
Huntail
17%
Hydrapple
17%
Bollossom
0%
Bombirdier
0%
Braixen
0%
Brambleghast
0%
Bramblin
0%
Brionne
0%
Brute Bonnet
0%
Bunnelby
0%
Capsakid
0%
Carkol
0%
Carracosta
0%
Centiskorch
0%
Centiskorch (Gigantamax)
0%
Cetitan
0%
Chewtle
0%
Clawitzer
0%
Clobbopus
0%
Comfey
0%
Copperajah
0%
Copperajah (Gigantamax)
0%
Corvisquire
0%
Crabominable
0%
Cramorant
0%
Cufant
0%
Cyclizar
0%
Dachsbun
0%
Dartrix
0%
Dhelmise
0%
Dolliv
0%
Dottler
0%
Doublade
0%
Dracovish
0%
Dracozolt
0%
Dragalge
0%
Drakloak
0%
Drampa
0%
Drednaw
0%
Drednaw (Gigantamax)
0%
Dreepy
0%
Drizzile
0%
Duosion
0%
Duraludon
0%
Duraludon (Gigantamax)
0%
Eiscue
0%
Eldegoss
0%
Escavalier
0%
Espathra
0%
Fezandipiti
0%
Finizen
0%
Fletchinder
0%
Fletchling
0%
Flittle
0%
Florges
0%
Flutter Mane
0%
Formantis
0%
Fraxure
0%
Frosmoth
0%
Garganacl
0%
Gholdengo
0%
Glastrier
0%
Glimmet
0%
Glimmora
0%
Gliscor
0%
Golisopod
0%
Goomy
0%
Gossifleur
0%
Gothitelle
0%
Gourgeist
0%
Grafaiai
0%
Grapploct
0%
Greavard
0%
Grimmsnarl
0%
Grimmsnarl (Gigantamax)
0%
Grubbin
0%
Gumshoos
0%
Guzzlord
0%
Hakamo-o
0%
Hattrem
0%
Herdier
0%
Houndstone
0%
No matching quizzes found
Score Distribution
Percent of People with Each Score
Percentile by Number Answered
Your Score History
You have not taken this quiz since the last reset